Stati per popolazione - Europa - Statistics

Statistiche generali
  • Questo quiz è stato fatto 23 volte
  • Il punteggio medio è 9 su 10
Statistiche sulle risposte
Popolazione (ab.) Nazione % Corretto
83 408 554 Germania
100%
59 24 329 Italia
100%
67 281 039 Regno Unito
100%
47 486 935 Spagna
100%
38 307 726 Polonia
96%
19 328 560 Romania
96%
64 531 444 Francia
91%
43 531 422 Ucraina
91%
17 501 969 Paesi Bassi
87%
11 611 419 Belgio
83%
Nessun quiz corrispondente trovato
Distribuzione punteggi
Percentuale di utenti per punteggio
Percentile per numero di risposta
I tuoi punteggi nel tempo
Non hai fatto questo quiz